Reprezentacja piłkarza - Statystyki

Ogólne statystyki
  • Ten quiz został rozwiązany 475 razy
  • Średni wynik to 12 z 15
Statystyki odpowiedzi
Piłkarz Reprezentacja % Poprawnych
Gonzalo Higuain Argentyna
95%
Arturo Vidal Chile
95%
Diego Costa Hiszpania
95%
Keylor Navas Kostaryka
94%
Christian Pulisic Usa
93%
Aaron Ramsey Walia
92%
Luka Jović Serbia
89%
Riyad Mahrez Algieria
88%
Milan Skriniar Słowacja
88%
Henrich Mychitarian Armenia
86%
Fernando Muslera Urugwaj
85%
Thomas Partey Ghana
72%
Andre Onana Kamerun
70%
Naby Keita Gwinea
54%
Geoffrey Kondogbia Republika Środkowoafrykańska
41%
Nie znaleziono quizów pasujących do podanych kryteriów
Rozkład punktacji
Procent ludzi z każdym wynikiem
Percentyl według liczby udzielonych odpowiedzi
Twoja historia wyników
Nie rozwiązałeś tego quizu